Culture Générale - Série 754 - Statistiques

Statistiques générales
  • Ce quiz a été pris 224 fois
  • Le résultat moyen est 6 sur 10
Statistiques - réponses
Question Réponse % Correct
Quel pays a une feuille d'érable rouge sur son drapeau ? Canada
100%
Comment se prénommait le mari et manager de Céline Dion ? René
87%
La morale de la fable de La Fontaine "Le Loup et l'Agneau" est : "La raison du plus fort est toujours... la meilleure
86%
Qui a été élu président des États-Unis entre George Bush père et George Bush fils ? Bill Clinton
84%
Dans "Le Roi Lion", quel animal est Pumbaa ? phacochère
72%
Complétez le titre du roman de Samuel Beckett, "En attendant ... Godot
60%
Quelle est la capitale du Togo ? Lomé
59%
De quel pays d'Asie centrale Douchanbe est-elle la capitale ? Tadjikistan
56%
En 1994, à quel réalisateur doit-on "L'Enfer", avec Emmanuelle Béart et François Cluzet ? Claude Chabrol
11%
Complétez le titre du film réalisé en 2002 par Adam Shankman, "Le temps d'un ... automne
9%
Aucun quiz correspondant
Distribution des résultats
% des personnes avec chaque résultat
Percentile par nombre de réponses
Votre historique - résultats
Vous n’avez pas pris ce quiz